[Event "Final GP Rapid TOP 16 2019"]
[Site "Khanty-Mansijsk"]
[Date "2019.12.02"]
[Round "7.6"]
[White "Shaposhnikov, Evgeny"]
[Black "Bocharov, Dmitry"]
[Result "1-0"]
[WhiteElo "2568"]
[BlackElo "2519"]
[Annotator "TA"]
[PlyCount "75"]
[EventDate "2019.12.01"]
[EventType "tourn"]
[EventCountry "RUS"]
[SourceTitle "playchess.com"]
[Source "ChessBase"]
[SourceQuality "1"]

{[%evp 14,75,38,30,58,35,58,64,72,45,73,46,63,62,56,53,75,39,58,24,50,34,48,39,23,4,13,-66,0,-58,-29,-43,-45,-89,-99,-103,-73,-87,-83,-83,-69,-62,-73,-80,0,0,0,-37,-64,-64,-70,-34,0,-7,-12,-139,41,21,409,414,583,583,1478,1512]} 1. Nf3 c5 2. c4 Nc6 3. d4 cxd4 4. Nxd4 Nf6 5. g3 Qb6 6. Nc2 e6 7. Bg2 Be7 8. O-O O-O {A32: Symmetrical English: 2 Nf3 Nf6 3 d4 cxd4 4 Nxd4 e6} 9. Nc3 Rd8 (9... d6 10. e4 a6 11. Kh1 Rb8 12. Bd2 Bd7 13. g4 h6 14. f4 Nh7 15. Rc1 Rfc8 16. b3 Qd8 17. Ne2 b5 {½-½ (17) Bacrot,E (2721)-Leko,P (2756) Dortmund 2009}) 10. e4 d6 {White is slightly better.} 11. b3 Qc7 12. Be3 $146 ({Predecessor:} 12. f4 a6 13. g4 Rb8 14. g5 Nd7 15. a4 {½-½ (31) Tikkanen,H (2434)-Semcesen,D (2418) Stockholm 2009}) 12... b6 13. Rc1 Bb7 14. Qe2 Rac8 15. h3 Qb8 16. Rfd1 h6 17. Rd2 Ba8 18. Rcd1 a6 19. Bf4 Ne5 20. Nb4 (20. a4 $1 $11) 20... Bb7 ({Better is} 20... Ng6 $1 $15) 21. Nd3 (21. a4 $11) 21... Ng6 (21... b5 $5) 22. Be3 b5 $1 {[%cal Bb6b5,Bb5b4][%mdl 32]} 23. Nb2 b4 24. Nca4 Bxe4 (24... Nxe4 {is more complex.} 25. Rc2 Nf6 26. Bxb7 Qxb7 27. Bb6 Re8) 25. Bb6 Bxg2 26. Bxd8 Bxh3 27. Bxe7 Nxe7 {[%cal Bg6e7,Be7f5,Bf5g3][%mdl 32]} 28. Rxd6 {[#]} Bg4 (28... Nf5 $1 $17 {[%cal Rf5d6]} 29. Rb6 Qa8) 29. f3 $11 {Threatens to win with Nb6.} Nf5 {[%mdl 64] Double Attack} 30. R6d3 Nxg3 31. Qh2 Bf5 32. Rd6 {Nb6 is the strong threat.} Ngh5 33. Nb6 $36 {[%cal Ba4b6,Bb6d7,Bd7f8][%mdl 2080] White is pushing.} Re8 34. Qe5 (34. Nd3 $11 {keeps the balance.}) 34... Kh7 $2 ({Black should play} 34... Nh7 $17 35. Qe3 N5f6) 35. c5 {[%mdl 1024] aiming for N2c4. White has compensation.} (35. Kf2 $5 {[%cal Rc4c5]}) 35... g5 $2 {[%mdl 8192]} (35... Qb7 $11 {and Black has nothing to worry.} 36. Rf1 g5) 36. N2c4 $18 g4 (36... Rg8 {is a better defense.} 37. Nd7 Qd8) 37. Nd7 {[%mdl 64] Discovered Attack} Qd8 {[#]} 38. Nf8+ $1 {[%mdl 576] Discovered Attack. Accuracy: White = 28%, Black = 21%.} 1-0

[Event "Final GP Rapid TOP 16 2019"]
[Site "Khanty-Mansijsk"]
[Date "2019.12.02"]
[Round "7.7"]
[White "Kokarev, Dmitry"]
[Black "Golubov, Saveliy"]
[Result "1-0"]
[WhiteElo "2601"]
[BlackElo "2469"]
[Annotator "TA"]
[PlyCount "103"]
[EventDate "2019.12.01"]
[EventType "tourn"]
[EventCountry "RUS"]
[SourceTitle "playchess.com"]
[Source "ChessBase"]
[SourceQuality "1"]

{[%evp 13,103,36,40,31,50,18,22,30,72,62,65,69,74,52,53,31,23,0,0,6,36,-14,0,-14,-5,-22,-28,-23,-23,-18,-23,-80,-16,-45,-14,-13,-20,-19,-14,-76,-73,-60,-48,-83,-27,-60,-53,-63,-61,-66,-64,-65,-26,-93,-6,-18,0,0,0,0,0,-7,0,0,8,8,31,40,67,62,72,65,54,0,68,68,64,64,68,68,75,62,368,337,4793,4793,4779,4779,29992,29992,29998,29999]} 1. e4 g6 2. d4 Bg7 3. Nf3 d6 4. Be2 Nf6 5. Nc3 O-O 6. O-O a6 7. Re1 Nc6 8. d5 {B08: Pirc Defence: Classical System} Na7 9. Bg5 h6 10. Be3 {The position is equal.} c5 $146 ({Predecessor:} 10... b5 11. a3 Bb7 12. Qd2 Kh7 13. Rad1 c6 14. Bxa7 Rxa7 15. dxc6 Bxc6 {½-½ (72) Kramnik,V (2808)-Carlsen,M (2832) Stavanger 2017}) 11. a4 Bd7 12. h3 Qc7 13. Bf4 b5 14. e5 Nh5 15. exd6 exd6 16. Bh2 {Hoping for Ne4.} Nf6 17. Nd2 Rfe8 18. axb5 axb5 19. Bf3 (19. Ra6 {keeps more tension.} Qc8 20. Ra1 Qb8 21. Bf1 c4 22. Nde4) 19... Rxe1+ 20. Qxe1 Re8 21. Qd1 Nc8 22. Ra2 (22. Qf1 $11) 22... c4 (22... Nh7 $17) 23. g4 b4 24. Nce4 $1 Nxe4 25. Nxe4 f5 26. Nd2 (26. gxf5 $11 Bxf5 27. Qe2) 26... Qc5 27. Nf1 Rf8 28. Ng3 {[#]} Bd4 (28... Ne7 $1 $17 29. gxf5 Bxf5 30. Nxf5 Nxf5) 29. gxf5 Bxf2+ 30. Kg2 {aiming for Ne4.} Bxg3 31. Bxg3 Bxf5 32. Qe2 Qc7 33. Ra6 {[#]} (33. Kh2 $11 {remains equal.}) 33... Qd7 ({Better is} 33... Qf7 $1 $17 {And now ...Bxc2! would win.} 34. c3 bxc3 35. bxc3 h5) 34. h4 b3 35. cxb3 cxb3 36. Rc6 Re8 37. Qc4 Bh3+ 38. Kh2 Qf7 $132 {[%mdl 2048] Black is not keeping still} 39. Qf4 Bf5 40. Qxh6 Qf6 41. Qd2 Bc2 42. Bg4 Bf5 43. Bf3 Bc2 $1 44. Qc3 Qxc3 45. Rxc3 Nb6 $1 46. Bxd6 {Threatens to win with Rc6.} Na4 $1 {[%cal Ra4c3]} 47. Rc7 Nxb2 $2 {[%mdl 8192]} ({Black should try} 47... Be4 $1 $14 48. Kg3 Bxf3 49. Kxf3 Nxb2) 48. Ba3 $18 {Black must now prevent d6.} Nd3 $2 (48... Na4 49. d6 Rd8 50. Bd5+ Kh8) 49. d6 Rd8 50. Bd5+ Kf8 51. Rf7+ Ke8 {[#]} 52. d7+ $1 {[%mdl 512] Accuracy: White = 42%, Black = 37%.} 1-0

[Event "Final GP Rapid TOP 16 2019"]
[Site "Khanty-Mansijsk"]
[Date "2019.12.02"]
[Round "7.8"]
[White "Moiseenko, Vadim"]
[Black "Sakaev, Konstantin"]
[Result "1/2-1/2"]
[WhiteElo "2532"]
[BlackElo "2595"]
[Annotator "TA"]
[PlyCount "204"]
[EventDate "2019.12.01"]
[EventType "tourn"]
[EventCountry "RUS"]
[SourceTitle "playchess.com"]
[Source "ChessBase"]
[SourceQuality "1"]

{[%evp 15,204,15,33,4,20,-6,-5,-12,-21,-45,-79,-60,-70,-94,-104,-96,-93,-74,46,40,45,49,41,41,129,135,139,143,140,134,128,133,129,124,160,120,151,144,151,145,143,144,147,154,187,151,156,147,154,162,170,175,188,143,171,162,164,164,170,166,168,166,189,196,207,208,204,185,205,212,205,198,198,189,191,201,191,191,206,182,185,179,177,175,169,158,184,176,180,179,183,158,162,0,151,148,152,148,134,104,114,0,137,99,137,100,117,123,109,69,69,62,127,101,106,97,115,113,120,32,32,5,5,0,33,33,32,0,3,0,0,0,0,0,0,0,0,0,0,0,0,0,0,0,0,0,0,0,0,0,0,0,197,185,377,0,211,19,27,0,11,0,0,0,0,0,0,0,0,0,0,0,0,0,0,0,0,0,0,0,0,0,0,0,0,0,0,0,0,0,0]} 1. e4 c5 2. Nf3 d6 3. d4 cxd4 4. Nxd4 Nf6 5. Nc3 a6 6. Be3 e5 7. Nf3 Be7 8. Bc4 Be6 9. Bb3 {B90: Sicilian Najdorf: Unusual White 6th moves, 6 Be3 Ng4 and 6 Be3 e5} Nbd7 10. Bxe6 (10. O-O Rc8 11. Nh4 Nc5 12. Nf5 Bxf5 13. exf5 Nxb3 14. axb3 Qd7 15. Qf3 d5 16. Bg5 d4 17. Bxf6 Bxf6 {0-1 (41) Sjugirov,S (2663)-Sarana,A (2618) Khanty-Mansiysk 2018}) 10... fxe6 11. Ng5 Nf8 $1 12. Qf3 $146 ({Predecessor:} 12. Nf3 Ng6 13. h3 h6 14. g4 Qd7 15. Rg1 {0-1 (50) Everitt,D (96)-Bullock,L (121) Aberystwyth 2014}) 12... h6 13. Qh3 Qd7 14. Rd1 Rg8 $1 15. Nf3 Qc6 16. Nd2 d5 (16... g5 $1 $17) 17. exd5 exd5 18. Nf3 $36 {[%mdl 2048] White has the initiative.} N8d7 19. O-O Rd8 (19... d4 20. Bxd4 $1 {[%mdl 512]} exd4 21. Nxd4 $16) (19... g5 $14 20. Qf5 d4) 20. Rfe1 $16 Kf7 21. Qf5 $1 {[%csl LRd5,LRe5]} Qe6 22. Qxe6+ Kxe6 {[#]} 23. Nxe5 $1 {[%mdl 512]} Nxe5 24. Bd4 Ne4 {Strongly threatening ...Bf6.} 25. f3 Nc6 26. Bb6 $1 ({And not} 26. fxe4 Nxd4 27. exd5+ (27. Rxd4 Bc5 $15) 27... Kd7 $15) 26... Rd7 27. Nxe4 Kf7 28. c3 Rc8 29. Re2 Bf8 30. Nf2 Bd6 31. Ng4 Bb8 32. g3 h5 33. Ne3 Ne7 34. Red2 Rc6 35. Bd4 b5 36. Kg2 Rb7 37. a3 a5 38. Nc2 Re6 39. Bc5 Bd6 40. Bxd6 Rxd6 41. Kf2 g6 42. h3 Rbd7 43. Nd4 Rb7 44. Nb3 Ra7 45. Rd4 Rf6 46. R1d3 Rf5 47. Rd2 Rf6 48. a4 Rb6 49. Nc5 Rc7 50. Nd3 Rcb7 51. Re2 bxa4 52. Rxa4 Nc6 53. Nc5 Re7 {...Rxe2+ would now be nice for Black.} 54. Nd3 $2 (54. Rf4+ $18 Kg8 55. Nd3) 54... Rxe2+ $2 (54... Reb7 $1 $11) 55. Kxe2 $11 {[%mdl 4096] Endgame KRN-KRN} Rb8 56. Kd2 Ke6 57. Ra1 Kd6 58. Ra4 Ke6 $1 59. Kc2 Kd6 60. g4 Re8 61. gxh5 gxh5 62. Rh4 Re2+ 63. Kd1 Re3 (63... Rh2 $14) 64. Kd2 Rxf3 65. Rxh5 Rg3 66. Rh6+ Kd7 67. Nf4 (67. Kc2 $16) 67... d4 $1 $14 68. Rh7+ Kd6 69. Rh6+ Kd7 70. cxd4 Nxd4 71. Rh5 Kc6 72. Rh6+ Kb5 73. Rh8 Nb3+ 74. Kc2 Nd4+ 75. Kd2 Nb3+ 76. Kd1 a4 77. h4 Rf3 78. Ne2 (78. Ne6 {keeps more tension.} Rf2 79. h5 Rxb2 80. h6 a3 81. h7) 78... Rf1+ 79. Kc2 Rf2 80. Kd3 {h5 is the strong threat.} Nc5+ 81. Ke3 Rh2 82. h5 Kc4 83. h6 {Threatens to win with h7.} Ne6 $2 (83... Kb3 $11 {and Black has nothing to worry.}) 84. h7 $1 $18 {aiming for Rc8+.} Rh3+ $2 (84... Nc7 85. Kf3 Ne8) 85. Kf2 $2 (85. Kd2 $18 Kd5 86. Nf4+ $1 {[%mdl 576] Deflection, Promotion} Nxf4 87. Rd8+ Kc4 88. h8=Q Rxh8 89. Rxh8) 85... Kd5 $2 {[#]} (85... Nf8 $1 $11) 86. Kg2 $2 (86. Ng1 $1 $18 {[%cal Rg1h3]} Rh1 87. Kg2) 86... Rh6 $11 87. Ng3 {And now Nf5 would win.} Ke5 {The position is equal.} 88. Kg1 Kf6 89. Ne4+ Kg7 90. Re8 Nf8 91. Re7+ Kh8 92. Re8 Kg7 93. Ng5 Nxh7 94. Re7+ Kg6 95. Nf3 Nf6 96. Ra7 Rh8 97. Rxa4 Rb8 98. Ne5+ Kf5 99. Nd3 Nd5 100. Kf2 Ke6 101. Kf3 Rb3 102. Ke4 {Hoping for Nc5+.} Rxb2 {Accuracy: White = 54%, Black = 64%.} 1/2-1/2

[Event "Final GP Rapid TOP 16 2019"]
[Site "Khanty-Mansijsk"]
[Date "2019.12.02"]
[Round "8.1"]
[White "Ponkratov, Pavel"]
[Black "Sakaev, Konstantin"]
[Result "1-0"]
[WhiteElo "2619"]
[BlackElo "2595"]
[Annotator "TA"]
[PlyCount "56"]
[EventDate "2019.12.01"]
[EventType "tourn"]
[EventCountry "RUS"]
[SourceTitle "playchess.com"]
[Source "ChessBase"]
[SourceQuality "1"]

{[%evp 12,56,2,10,22,3,18,2,15,13,64,31,59,15,48,26,64,37,67,54,51,41,71,76,206,119,134,139,136,121,127,129,241,225,234,236,275,289,429,383,585,560,557,551,2560,1301,1663]} 1. e4 c5 2. Nf3 d6 3. d4 cxd4 4. Nxd4 Nf6 5. Nc3 a6 6. h3 e5 7. Nde2 h5 {B90: Sicilian Najdorf: Unusual White 6th moves, 6 Be3 Ng4 and 6 Be3 e5} 8. Be3 (8. Nd5 Nxd5 9. Qxd5 Nc6 10. Qd1 Be6 11. Nc3 Rc8 12. Be3 Ne7 13. Be2 d5 14. exd5 Nxd5 15. Nxd5 Qxd5 {½-½ (26) Wang,H (2730)-Giri,A (2783) St Petersburg 2018}) 8... Be7 9. g3 Be6 {The position is equal.} 10. Bg2 Nc6 (10... b5 $11) 11. f4 $146 ({Predecessor:} 11. Nd5 Bxd5 12. exd5 Na5 13. b3 b5 14. a4 O-O 15. O-O {1-0 (50) Margarido,R (1854)-Guimaraes,R (2126) Lisbon 2017}) 11... Rc8 12. O-O b5 13. a4 $36 {[%mdl 2048] White has the initiative.} b4 14. Nd5 Bxd5 15. exd5 Na5 16. b3 Nb7 17. a5 Nxa5 (17... Qc7 $16) 18. Qd2 (18. fxe5 $1 $18 dxe5 {[#]} 19. d6 $1 {[%mdl 512]} Bxd6 20. Rxa5 $1 {[%mdl 576] Deflection} Qxa5 21. Qxd6) 18... Nb7 19. Rxa6 O-O 20. Rb6 Nc5 21. Rxb4 Nfd7 (21... Re8 $16 {was called for.} 22. Rc4 Ncd7 23. fxe5 Nxe5) 22. fxe5 $18 Nxe5 23. Nd4 Bf6 24. Nc6 Qd7 (24... Nxc6 $142 25. dxc6 Re8) 25. Rbf4 Rfe8 (25... Nxc6 $142 26. dxc6 Rxc6 27. Rxf6 gxf6) 26. Rxf6 {White is clearly winning.} gxf6 27. Bd4 Kg7 28. Qf4 Ra8 {Accuracy: White = 70%, Black = 23%.} 1-0

[Event "Final GP Rapid TOP 16 2019"]
[Site "Khanty-Mansijsk"]
[Date "2019.12.02"]
[Round "8.2"]
[White "Golubov, Saveliy"]
[Black "Moiseenko, Vadim"]
[Result "1/2-1/2"]
[WhiteElo "2469"]
[BlackElo "2532"]
[Annotator "TA"]
[PlyCount "38"]
[EventDate "2019.12.01"]
[EventType "tourn"]
[EventCountry "RUS"]
[SourceTitle "playchess.com"]
[Source "ChessBase"]
[SourceQuality "1"]

{[%evp 11,38,-1,7,0,21,6,20,0,23,16,45,43,68,1,3,6,4,0,0,0,13,17,86,69,129,102,114,70,78]} 1. d4 Nf6 2. Bf4 g6 3. Nf3 Bg7 4. e3 d6 5. h3 O-O 6. Be2 Nc6 7. Bh2 {A48: 1 d4 Nf6 2 Nf3 g6: Torre, London and Colle Systems} (7. c3 Nd7 8. O-O e5 9. Bh2 f5 10. b4 a6 11. a4 e4 12. Nfd2 g5 13. Ra3 Kh8 14. b5 Ne7 {0-1 (29) Nguyen,N (2639)-Firouzja,A (2682) Xingtai 2019}) 7... Bf5 8. O-O Re8 9. c4 {The position is equal.} e5 10. d5 $146 ({Predecessor:} 10. Nc3 exd4 11. Nxd4 Nxd4 12. exd4 Ne4 13. Bf3 Qg5 14. Nd5 Rac8 15. Bf4 Qh4 16. Be3 c6 17. Nc3 Ng5 18. Bg4 Bxg4 19. Qxg4 Qxg4 20. hxg4 {1-0 (48) Perera Borrego,M (2116)-Ortin Blanco,A (1961) Linares 2017}) 10... Nb4 {White should prevent ...Nc2.} 11. a3 Na6 12. Nc3 ({Better is} 12. b4 $14) 12... Nc5 $11 13. Nd2 a5 14. b4 axb4 15. axb4 Rxa1 16. Qxa1 Na6 (16... Nfe4 $11 17. Ndxe4 Nxe4) 17. Qa3 $16 e4 (17... Qe7 $14) 18. Nb5 Bc8 19. Nd4 Nd7 {Accuracy: White = 56%, Black = 38%.} 1/2-1/2

[Event "Final GP Rapid TOP 16 2019"]
[Site "Khanty-Mansijsk"]
[Date "2019.12.02"]
[Round "8.3"]
[White "Bocharov, Dmitry"]
[Black "Kokarev, Dmitry"]
[Result "1/2-1/2"]
[WhiteElo "2519"]
[BlackElo "2601"]
[Annotator "TA"]
[PlyCount "38"]
[EventDate "2019.12.01"]
[EventType "tourn"]
[EventCountry "RUS"]
[SourceTitle "playchess.com"]
[Source "ChessBase"]
[SourceQuality "1"]

{[%evp 14,15,64,14]} 1. d4 Nf6 2. c4 g6 3. Nc3 Bg7 4. e4 O-O 5. Nf3 d6 6. Be2 e5 7. O-O c6 8. Be3 {Predecessor:} exd4 $146 9. Nxd4 Re8 10. f3 d5 11. cxd5 Nxd5 12. Nxd5 cxd5 13. Bb5 Bd7 14. Qb3 Bxd4 15. Bxd4 Bxb5 16. Qxb5 dxe4 17. Rad1 Nc6 18. Bc3 Qb6+ 19. Qxb6 axb6 {½-½ (42) Melkumyan,H (2624)-Zubov,A (2612) Yerevan 2017} 1/2-1/2

[Event "Final GP Rapid TOP 16 2019"]
[Site "Khanty-Mansijsk"]
[Date "2019.12.02"]
[Round "8.4"]
[White "Morozevich, Alexander"]
[Black "Shaposhnikov, Evgeny"]
[Result "1-0"]
[WhiteElo "2659"]
[BlackElo "2568"]
[Annotator "TA"]
[PlyCount "111"]
[EventDate "2019.12.01"]
[EventType "tourn"]
[EventCountry "RUS"]
[SourceTitle "playchess.com"]
[Source "ChessBase"]
[SourceQuality "1"]

{[%evp 12,111,11,10,20,17,20,0,-1,-19,16,9,113,101,167,168,170,169,163,166,171,102,107,119,169,178,154,151,166,128,180,142,219,214,202,113,127,110,155,152,174,180,182,170,191,184,243,202,204,204,284,247,249,212,253,56,65,-12,8,8,8,8,8,8,8,8,8,8,8,8,4116,4137,4141,4080,3316,3770,4141,4141,4141,4141,4141,4141,4137,4133,4108,4125,2149,1429,29981,6045,29981,4133,29982,29981,29985,29976,29975,29976,29976,29975,29973,29973]} 1. e4 e6 2. d4 d5 3. Nc3 Nf6 4. e5 Nfd7 5. Nce2 c5 6. c3 Nc6 7. f4 a5 {C11: French: Classical System: 4 e5 and 4 Bg5 dxe4} 8. Nf3 a4 9. a3 Be7 {The position is equal.} 10. h4 f5 $146 ({Predecessor:} 10... O-O 11. Ng5 cxd4 12. cxd4 Re8 13. Nc3 Nf8 14. Be3 f6 15. Nf3 {1-0 (40) Morozevich,A (2683)-Volkov,S (2611) Cheboksary 2016}) 11. Be3 b6 {[#]} (11... O-O $11) 12. c4 $1 $16 {[%mdl 512]} cxd4 {[#]} (12... Bb7 $16) (12... dxc4 13. d5) 13. cxd5 $1 $18 (13. Nfxd4 $6 Nxd4 14. Nxd4 Nc5 $14) 13... dxe3 14. dxc6 Nc5 {Hoping for ...Nd3+.} 15. Qxd8+ Kxd8 16. Ned4 (16. Nc3 $18) 16... Kc7 $16 17. Bc4 Rd8 18. Ke2 b5 19. Nxb5+ Kxc6 20. Rhd1 Ba6 (20... Rxd1 $16 {might work better.} 21. Rxd1 Ba6 22. Nbd4+ (22. Kxe3 Kb6 $16) 22... Kc7) 21. Rxd8 Rxd8 (21... Bxd8 $16 {was necessary.} 22. Rd1 (22. Kxe3 Bxb5 23. Nd4+ {[%mdl 64] Double Attack} Kb6 $16) 22... Be7) 22. Nbd4+ $18 {[%mdl 64] Double Attack} Kb6 23. Rc1 (23. Bxa6 $18 Kxa6 24. Nc6 (24. Kxe3 Rb8 $16)) 23... Bb7 $16 24. Kxe3 Bxf3 25. Nxf3 Ne4 26. Bxe6 Bc5+ 27. Rxc5 Nxc5 28. Bxf5 $18 {[%mdl 4096] Endgame KRN-KBN} g6 (28... Kc7 $142) 29. Bc2 Rb8 30. h5 gxh5 31. Bxh7 Kc7 32. f5 Rxb2 {[#]} 33. Kd4 $2 (33. f6 $1 $18) 33... Nd7 $1 $14 34. Bg6 ({Better is} 34. f6 $1 $14) 34... Rb3 35. e6 {e7 is the strong threat.} Nf6 36. Ke5 Ng4+ 37. Kf4 {Black must now prevent e7.} Kd6 38. Nd4 ({But not} 38. Bxh5 Nf6 $17) 38... Nf6 39. Kg5 Ne4+ $1 40. Kh6 {And now Nc6! would win.} Rg3 $2 {[%mdl 8192]} (40... h4 $11) 41. f6 $18 Nxf6 42. Nf5+ {[%mdl 64] Double Attack} Kxe6 43. Nxg3 h4 44. Ne2 Ng4+ 45. Kg5 Ne3 46. Be4 Ke5 47. Bc6 Kd6 48. Bf3 Nc4 49. Nc3 Nb2 50. Kxh4 (50. Be2 $142 Kd7 51. Kxh4 Ke7 52. Nd1 Nc4 53. Bxc4 Kd6 54. g4 Kc5 55. Be2) 50... Kc5 51. g4 (51. Be2 $142 Kd4 52. Nd1 Nc4 53. Bxc4 Kxc4 54. g4 Kd5 55. g5 Kd6 56. g6) 51... Kd4 52. Nb5+ {White mates.} Ke5 53. g5 Nd3 54. Kh5 Kf5 55. Bg4+ Ke5 56. Bd1 {Accuracy: White = 63%, Black = 45%.} 1-0

[Event "Final GP Rapid TOP 16 2019"]
[Site "Khanty-Mansijsk"]
[Date "2019.12.02"]
[Round "8.5"]
[White "Potapov, Pavel"]
[Black "Pridorozhni, Aleksei"]
[Result "1/2-1/2"]
[WhiteElo "2489"]
[BlackElo "2602"]
[Annotator "TA"]
[PlyCount "92"]
[EventDate "2019.12.01"]
[EventType "tourn"]
[EventCountry "RUS"]
[SourceTitle "playchess.com"]
[Source "ChessBase"]
[SourceQuality "1"]

{[%evp 10,92,45,33,57,60,62,65,117,124,148,134,116,120,147,142,191,124,204,189,188,167,200,206,187,196,314,288,289,260,436,276,294,192,214,215,309,150,157,151,140,78,157,139,141,141,138,128,136,57,145,131,212,181,209,193,331,272,354,261,270,263,235,233,264,279,275,222,277,37,37,27,30,0,15,0,10,0,6,0,3,0,0,0,0]} 1. e4 e6 2. d4 d5 3. Nd2 Nc6 4. Ngf3 Nf6 5. e5 Nd7 6. c3 b6 {C04: French Tarrasch: 3...Nc6} (6... f6 7. Bb5 Be7 8. exf6 Bxf6 9. O-O O-O 10. Re1 Re8 11. Nf1 e5 12. dxe5 Ndxe5 13. Bf4 Bg4 14. Bxe5 Rxe5 15. Ne3 Bh5 16. Be2 Bxf3 17. Bxf3 Ne7 18. Qb3 b6 19. Nxd5 Rxe1+ 20. Rxe1 {1-0 (20) Kevlishvili,R (2451)-Riazantsev,A (2649) St Petersburg 2018}) 7. Bd3 Bb7 8. O-O Qe7 (8... a5 $14) 9. b4 $146 {[%cal Bb2b4,Bb4b5][%mdl 32]} ({Predecessor:} 9. Re1 O-O-O 10. Qe2 Re8 11. Nf1 f6 12. b4 fxe5 13. dxe5 g5 14. Bxg5 {1-0 (35) Gorelov,S-Bronstein,D Moscow 1972}) 9... f6 {[%cal Rf6e5]} 10. b5 Nd8 11. Re1 Qf7 12. a4 a5 13. Nf1 (13. exf6 $18 gxf6 14. Nf1) 13... Be7 {[#]} (13... fxe5 $16 14. Nxe5 Nxe5 15. Rxe5 Bd6) 14. exf6 $1 $18 gxf6 15. Ng3 O-O 16. Bh6 Re8 17. Ra2 c5 (17... Bd6 $142 18. Qd2 Kh8) 18. Rae2 cxd4 19. cxd4 Rc8 $2 (19... Bb4 {was called for.} 20. Bd2 Rc8 21. Bxb4 axb4) 20. h4 Kh8 21. h5 Rg8 22. Bf5 $1 Bb4 {[#]} (22... Nf8 {might work better.}) 23. Bd2 (23. Rxe6 $1 $18 {[%mdl 512] is the precise move to win. Bd2 is the strong threat.} Bxe1 (23... Nxe6 24. Bxe6) 24. Rxe1) 23... Nf8 $16 ({Wrong is} 23... exf5 $2 24. Bxb4 axb4 25. Re7 $18) 24. Bxb4 axb4 25. Bb1 (25. Qd2 $142) 25... Rc3 (25... f5 $142) 26. Qd2 Qc7 27. Qh6 Qg7 28. Qf4 Nf7 29. Qb8 (29. Rc2 $16) 29... Nh6 (29... Rxf3 $1 $14 30. gxf3 Ng5) 30. Qd6 $36 {[%mdl 2048] White is in control.} Ng4 (30... f5 $16 {was worth a try.}) 31. Qxb4 Rc4 32. Qd6 Rxa4 (32... Qc7 $142 33. Qxc7 Rxc7) 33. Qxb6 Rc4 34. Qd6 Qc7 35. Qxc7 Rxc7 36. Rc2 Rxc2 37. Bxc2 Rg7 38. b6 Bc6 39. Ra1 $2 ({Better is} 39. Rc1 $18) 39... Rb7 $1 $14 40. Ra8 Kg8 41. Nh2 Nh6 {The position is equal.} 42. f4 Kg7 43. f5 {Black must now prevent fxe6.} Rxb6 44. Ra7+ Rb7 45. Rxb7+ Bxb7 46. Nf3 Bc8 {Accuracy: White = 45%, Black = 32%.} 1/2-1/2

[Event "Final GP Rapid TOP 16 2019"]
[Site "Khanty-Mansijsk"]
[Date "2019.12.02"]
[Round "8.6"]
[White "Shimanov, Aleksandr"]
[Black "Nesterov, Arseniy"]
[Result "1-0"]
[WhiteElo "2587"]
[BlackElo "2489"]
[Annotator "TA"]
[PlyCount "79"]
[EventDate "2019.12.01"]
[EventType "tourn"]
[EventCountry "RUS"]
[SourceTitle "playchess.com"]
[Source "ChessBase"]
[SourceQuality "1"]

{[%evp 9,79,3,4,11,14,0,0,0,25,19,28,15,10,27,36,41,19,32,45,34,57,30,20,0,29,31,30,22,24,18,17,30,50,45,428,415,725,734,658,525,418,106,111,113,121,117,122,107,102,103,96,92,97,89,88,72,121,114,164,160,175,135,202,148,485,488,505,500,973,958,819,737]} 1. c4 e5 2. g3 c6 3. d4 e4 4. Bg2 (4. Qa4 d5 5. cxd5 Nf6 6. Nc3 b5 7. Qc2 Bb4 8. Bg5 cxd5 9. e3 a6 10. a4 h6 11. Bxf6 Qxf6 12. axb5 {1-0 (39) Anton Guijarro,D (2674)-Sunilduth Lyna,N (2611) Khanty-Mansiysk 2019}) 4... d5 5. Nc3 Nf6 6. a3 {A20: English Opening: 1...e5} h6 7. f3 exf3 8. Nxf3 {The position is equal.} Bd6 $146 ({Predecessor:} 8... dxc4 9. e4 Be6 10. O-O Be7 11. Nh4 {0-1 (56) Vehlow,B (2235)-Irmer,F (2307) Remote email 2012}) 9. O-O O-O 10. Nh4 {[%cal Rc4d5]} dxc4 11. e4 {And now e5 would win.} Bc7 12. Nf5 Bxf5 13. Rxf5 Bb6 14. Be3 {[%mdl 1024] White has compensation.} Na6 15. e5 {[#] aiming for Rxf6!} Nh7 16. Qg4 f6 17. Bf1 fxe5 18. Bxc4+ Kh8 {[%cal Re5d4]} 19. Rxe5 {Black should prevent Ne2.} Nc7 20. Rd1 $40 {[%mdl 128] White mounts an attack.} Re8 {Threatens to win with ...Rxe5.} 21. Kg2 Rxe5 $4 {[%mdl 8192]} (21... Qc8 $14 22. Qxc8 Raxc8) 22. dxe5 $18 Qe8 (22... Nd5 $142 23. Nxd5 cxd5) 23. Rd7 {[%csl Gd7][%cal Rg4g7]} Qxe5 24. Bf4 Qf6 {[#]} 25. Rxc7 $2 (25. Ne4 $1 $18 {[%cal Re4f6] and the rest is easy.} Qxb2+ {[%mdl 64] Double Attack} 26. Kh3) 25... Bxc7 $16 26. Bxc7 Re8 27. h4 Nf8 28. Qf4 Qxf4 29. Bxf4 Ng6 30. Bd2 Ne5 31. Be2 Rd8 32. Be3 a6 33. b4 Kg8 34. Ne4 Re8 35. Nd6 Re7 (35... Re6 $16) 36. Bc5 b5 $2 {[%mdl 8192]} (36... Rd7 $16 {is a better chance.} 37. Kf2 b6) 37. Nxb5 $18 {White is clearly winning.} Rd7 38. Nd4 a5 (38... Rd8 $142 39. a4 Kf7 40. Bxa6 Ra8) 39. bxa5 Rd5 40. Nb3 {Accuracy: White = 69%, Black = 38%.} 1-0